Использование методов эргономического анализа в дизайн-проектировании реабилитационного оборудования; Молодежь и современные информационные технологии

Bibliographic Details
Parent link:Молодежь и современные информационные технологии.— 2021.— [С. 274-275]
Main Author: Мамонтов Г. Я. Геннадий Яковлевич
Corporate Author: Национальный исследовательский Томский политехнический университет Инженерная школа информационных технологий и робототехники Отделение автоматизации и робототехники
Other Authors: Ткачева Л. Ю.
Summary:Заглавие с титульного экрана
Language:Russian
Published: 2021
Series:Дизайн и компьютерная графика
Subjects:
Online Access:http://earchive.tpu.ru/handle/11683/68076
Format: Electronic Book Chapter
KOHA link:https://koha.lib.tpu.ru/cgi-bin/koha/opac-detail.pl?biblionumber=633211

MARC

LEADER 00000naa2a2200000 4500
001 633211
005 20231101133741.0
035 |a (RuTPU)RU\TPU\conf\34959 
035 |a RU\TPU\conf\34958 
090 |a 633211 
100 |a 20210706d2021 k y0rusy50 ca 
101 0 |a rus 
102 |a RU 
105 |a y z 101zy 
135 |a drcn ---uucaa 
181 0 |a i  
182 0 |a b 
200 1 |a Использование методов эргономического анализа в дизайн-проектировании реабилитационного оборудования  |f Г. Я. Мамонтов, Л. Ю. Ткачева 
203 |a Текст  |c электронный 
225 1 |a Дизайн и компьютерная графика 
230 |a 1 компьютерный файл (pdf; 455 Кb) 
300 |a Заглавие с титульного экрана 
320 |a [Библиогр.: с. 275 (4 назв.)] 
463 0 |0 (RuTPU)RU\TPU\conf\34857  |t Молодежь и современные информационные технологии  |o сборник трудов XVIII Международной научно-практической конференции студентов, аспирантов и молодых учёных, 22-26 марта 2021 г., г. Томск  |f Национальный исследовательский Томский политехнический университет, Инженерная школа информационных технологий и робототехники ; под ред. Н. Г. Маркова [и др.]  |v [С. 274-275]  |d 2021 
610 1 |a электронный ресурс 
610 1 |a труды учёных ТПУ 
610 1 |a эргономический анализ 
610 1 |a дизайн-проектирование 
610 1 |a реабилитационное оборудование 
610 1 |a массаж 
700 1 |a Мамонтов  |b Г. Я.  |c математик  |c профессор Томского политехнического университета, доктор физико-математических наук  |f 1945-  |g Геннадий Яковлевич  |2 stltpush  |3 (RuTPU)RU\TPU\pers\35352 
701 1 |a Ткачева  |b Л. Ю. 
712 0 2 |a Национальный исследовательский Томский политехнический университет  |b Инженерная школа информационных технологий и робототехники  |b Отделение автоматизации и робототехники  |h 7952  |2 stltpush  |3 (RuTPU)RU\TPU\col\23553 
801 2 |a RU  |b 63413507  |c 20210809  |g RCR 
856 4 |u http://earchive.tpu.ru/handle/11683/68076 
942 |c BK